|
|
|
|
| LEADER |
00000cam a2200000 7i4500 |
| 001 |
0000003499 |
| 005 |
20060405.0 |
| 020 |
0 |
0 |
|a 9812480137
|
| 090 |
0 |
0 |
|a 581.634
|b WEE
|
| 100 |
1 |
0 |
|a Wee, Yeow Chin
|
| 245 |
1 |
0 |
|a Plants :
|b that heal, thrill and kill
|c Wee Yeow Chin
|
| 260 |
0 |
0 |
|a Singapore :
|b SNP International, ,
|c 2005
|
| 300 |
|
|
|a 172p. :
|b ill., photos (col.) ;
|c 26cm.
|
| 650 |
0 |
0 |
|a Medicinal plants
|x Identification
|
| 650 |
0 |
0 |
|a Poisonous plants
|x Identification
|
| 650 |
0 |
0 |
|a Psychotropic plants
|x Identification
|
| 999 |
|
|
|a 0000006843
|b Monograph
|c Open Shelf
|e Default branch
|